[Event "SLO-chT3 West"]
[Site "Komenda"]
[Date "2022.12.09"]
[Round "1.4"]
[White "Skraba, Martin Peter"]
[Black "Prodan, Martin"]
[Result "1-0"]
[WhiteElo "1000"]
[BlackElo "1000"]
[PlyCount "101"]
[EventDate "2022.12.09"]
[EventType "team-swiss"]
[EventRounds "5"]
[EventCountry "SLO"]
[SourceTitle "EXT 2024"]
[Source "ChessBase"]
[SourceDate "2023.10.10"]
[SourceVersion "1"]
[SourceVersionDate "2023.10.10"]
[SourceQuality "1"]
[WhiteTeam "Val Koper"]
[BlackTeam "Izola"]
[WhiteTeamCountry "SLO"]
[BlackTeamCountry "SLO"]

1. d4 d5 2. Bf4 Bf5 3. e3 e6 4. Nf3 Nf6 5. Bd3 Bxd3 6. Qxd3 Nc6 7. c3 Be7 8. Nbd2 0-0 9. e4 dxe4 10. Nxe4 Nxe4 11. Qxe4 h6 12. 0-0-0 Qd7 13. d5 Nb8 14. dxe6 Qxe6 15. Qxe6 fxe6 16. Bxc7 Nc6 17. Bg3 Rad8 18. Nd2 Rd7 19. Nc4 Rxd1+ 20. Rxd1 b5 21. Nd6 a6 22. Ne4 Rd8 23. Re1 Na7 24. f4 Nc8 25. Rf1 Nd6 26. Nc5 a5 27. Nxe6 Re8 28. Re1 Bd8 29. Nxd8 Rxd8 30. Rd1 Kf7 31. f5 Kf6 32. Rxd6+ Rxd6 33. Bxd6 Kxf5 34. Kd2 Ke6 35. Bf8 Kf6 36. Bc5 Ke6 37. Kd3 g6 38. a3 Kd5 39. Bf8 h5 40. b3 a4 41. c4+ bxc4+ 42. bxc4+ Kc6 43. Kd4 Kb6 44. Kd5 Kc7 45. c5 Kd7 46. Ke5 Ke8 47. c6 Kxf8 48. c7 Kg7 49. c8Q Kh6 50. Kf6 h4 51. Qh8# 1-0